Sanaciones milagrosas: Cuando la fe asombra a la ciencia (Record no. 24304)

MARC details
000 -LEADER
campo de control de longitud fija 00635nac a2200217 a 4500
003 - IDENTIFICADOR DE NÚMERO DE CONTROL
campo de control Co-PeBPM
005 - FECHA Y HORA DE LA ÚLTIMA TRANSACCIÓN
campo de control 20250708005233.0
008 - DATOS DE LONGITUD FIJA--INFORMACIÓN GENERAL
campo de control de longitud fija 231129s2004||||xx o||||||||||||| ||spa||
020 ## - NÚMERO INTERNACIONAL ESTÁNDAR DEL LIBRO
Número Internacional Estándar del Libro 958-42-1117-X (tapa
040 ## - FUENTE DE CATALOGACIÓN
Lengua de catalogación spa
Centro catalogador/agencia de origen Co-PeBPM
Centro/agencia transcriptor Co-PeBPM
Normas de descripción rda
041 ## - CÓDIGO DE IDIOMA
Código de lengua original spa
082 ## - NÚMERO DE LA CLASIFICACIÓN DECIMAL DEWEY
Número de clasificación 231.73 B326s
100 ## - ENTRADA PRINCIPAL--NOMBRE DE PERSONA
Nombre de persona Bastierra, Fernando
Término indicativo de función/relación Autor
245 #0 - MENCIÓN DEL TÍTULO
Título Sanaciones milagrosas: Cuando la fe asombra a la ciencia
250 ## - MENCION DE EDICION
Mención de edición Segunda
260 ## - PUBLICACIÓN, DISTRIBUCIÓN, ETC.
Fecha de publicación, distribución, etc. 2004
Lugar de publicación, distribución, etc. Bogotá Colombia
264 ## - PRODUCCIÓN, PUBLICACIÓN, DISTRIBUCIÓN, FABRICACIÓN Y COPYRIGHT
Producción, publicación, distribución, fabricación y copyright Planeta
300 ## - DESCRIPCIÓN FÍSICA
Extensión 191 páginas;
Dimensiones 22 cms
500 ## - NOTA GENERAL
Nota general incluye índice y Bibliografía
942 ## - ELEMENTOS DE ENTRADA SECUNDARIOS (KOHA)
Fuente del sistema de clasificación o colocación Clasificación Decimal Dewey
Tipo de ítem Koha Libros
Suprimir en OPAC No
Holdings
Estatus retirado Estado de pérdida Fuente del sistema de clasificación o colocación Estado de daño No para préstamo Colección Biblioteca de origen Biblioteca actual Ubicación en estantería Fecha de adquisición Fuente de adquisición Total de préstamos Signatura topográfica completa Código de barras Visto por última vez Copia número Precio de reemplazo Tipo de ítem Koha
    Clasificación Decimal Dewey     General BIBLIOTECA PÚBLICA MUNICIPAL RAMON CORREA MEJIA BIBLIOTECA PÚBLICA MUNICIPAL RAMON CORREA MEJIA Colección general 10/02/2010 Reposición   231.73 B326s 06509 29/11/2023 Ej.1 29/11/2023 Libros

Powered by Koha